<?xml version="1.0" encoding="UTF-8"?><?xml-stylesheet type="text/xsl" href="static/style.xsl"?><OAI-PMH xmlns="http://www.openarchives.org/OAI/2.0/" xmlns:xsi="http://www.w3.org/2001/XMLSchema-instance" xsi:schemaLocation="http://www.openarchives.org/OAI/2.0/ http://www.openarchives.org/OAI/2.0/OAI-PMH.xsd"><responseDate>2026-04-27T21:45:35Z</responseDate><request verb="GetRecord" identifier="oai:uvadoc.uva.es:10324/84165" metadataPrefix="marc">https://uvadoc.uva.es/oai/request</request><GetRecord><record><header><identifier>oai:uvadoc.uva.es:10324/84165</identifier><datestamp>2026-04-17T19:00:56Z</datestamp><setSpec>com_10324_1157</setSpec><setSpec>com_10324_931</setSpec><setSpec>com_10324_894</setSpec><setSpec>col_10324_1298</setSpec></header><metadata><record xmlns="http://www.loc.gov/MARC21/slim" xmlns:doc="http://www.lyncode.com/xoai" xmlns:xsi="http://www.w3.org/2001/XMLSchema-instance" xmlns:dcterms="http://purl.org/dc/terms/" xsi:schemaLocation="http://www.loc.gov/MARC21/slim http://www.loc.gov/standards/marcxml/schema/MARC21slim.xsd">
<leader>00925njm 22002777a 4500</leader>
<datafield tag="042" ind1=" " ind2=" ">
<subfield code="a">dc</subfield>
</datafield>
<datafield tag="720" ind1=" " ind2=" ">
<subfield code="a">Gigosos, M. A.</subfield>
<subfield code="e">author</subfield>
</datafield>
<datafield tag="720" ind1=" " ind2=" ">
<subfield code="a">González, M. Á.</subfield>
<subfield code="e">author</subfield>
</datafield>
<datafield tag="720" ind1=" " ind2=" ">
<subfield code="a">Konjević, N.</subfield>
<subfield code="e">author</subfield>
</datafield>
<datafield tag="260" ind1=" " ind2=" ">
<subfield code="c">2006</subfield>
</datafield>
<datafield tag="520" ind1=" " ind2=" ">
<subfield code="a">We report results of the Stark broadening calculations for Sr+ and Ba+ resonance lines in ultra-&#xd;
cold plasmas using semiempirical formulas and numerical computer simulation technique. The simulation&#xd;
results show that strong collisions dominate Stark broadening at very low electron temperatures and weak&#xd;
collision approximation used recently by Vrinceanu et al. cannot be applied in this temperature region.&#xd;
Consequently, the temperature trend of Stark widths and shifts changes from 1/ T successfully used at&#xd;
elevated temperatures to an increasing trend with temperature, which is characteristic for strong collisions&#xd;
at low temperature.</subfield>
</datafield>
<datafield tag="024" ind2=" " ind1="8">
<subfield code="a">The European Physical Journal D-Atomic, Molecular, Optical and Plasma Physics, 2006, vol. 40, n.1, p. 57-63.</subfield>
</datafield>
<datafield tag="024" ind2=" " ind1="8">
<subfield code="a">1434-6060</subfield>
</datafield>
<datafield tag="024" ind2=" " ind1="8">
<subfield code="a">https://uvadoc.uva.es/handle/10324/84165</subfield>
</datafield>
<datafield tag="024" ind2=" " ind1="8">
<subfield code="a">10.1140/epjd/e2006-00169-0</subfield>
</datafield>
<datafield tag="024" ind2=" " ind1="8">
<subfield code="a">57</subfield>
</datafield>
<datafield tag="024" ind2=" " ind1="8">
<subfield code="a">1</subfield>
</datafield>
<datafield tag="024" ind2=" " ind1="8">
<subfield code="a">63</subfield>
</datafield>
<datafield tag="024" ind2=" " ind1="8">
<subfield code="a">The European Physical Journal D</subfield>
</datafield>
<datafield tag="024" ind2=" " ind1="8">
<subfield code="a">40</subfield>
</datafield>
<datafield tag="024" ind2=" " ind1="8">
<subfield code="a">1434-6079</subfield>
</datafield>
<datafield tag="245" ind1="0" ind2="0">
<subfield code="a">On the Stark broadening of Sr+ and Ba+ resonance lines in ultracold neutral plasmas</subfield>
</datafield>
</record></metadata></record></GetRecord></OAI-PMH>